Principles & practice of management (Record no. 5733)
[ view plain ]
| 000 -LEADER | |
|---|---|
| fixed length control field | 00518cam a2200205ua 4500 |
| 001 - CONTROL NUMBER | |
| control field | 6589 |
| 005 - DATE AND TIME OF LATEST TRANSACTION | |
| control field | 20260515114055.0 |
| 008 - FIXED-LENGTH DATA ELEMENTS--GENERAL INFORMATION | |
| fixed length control field | 140703n ii |||gr||||Z||||||eng |
| 020 ## - INTERNATIONAL STANDARD BOOK NUMBER | |
| International Standard Book Number | 81-7700-032-2 |
| 040 ## - CATALOGING SOURCE | |
| Transcribing agency | MAIN |
| 082 ## - DEWEY DECIMAL CLASSIFICATION NUMBER | |
| Classification number | 658 |
| 245 ## - TITLE STATEMENT | |
| Title | Principles & practice of management |
| Statement of responsibility, etc. | By T.N. Chhabra |
| 250 ## - EDITION STATEMENT | |
| Edition statement | 8th ed. |
| 260 ## - PUBLICATION, DISTRIBUTION, ETC. | |
| Place of publication, distribution, etc. | Delhi: |
| Name of publisher, distributor, etc. | Dhanpat rai & Co. (p) ltd., |
| Date of publication, distribution, etc. | 2003. |
| 300 ## - PHYSICAL DESCRIPTION | |
| Extent | xii,915p. |
| 653 ## - INDEX TERM--UNCONTROLLED | |
| Uncontrolled term | General management |
| 653 ## - INDEX TERM--UNCONTROLLED | |
| Uncontrolled term | Management |
| 700 ## - ADDED ENTRY--PERSONAL NAME | |
| Personal name | Chabra,T.N., |
| Relator term | Author. |
| 942 ## - ADDED ENTRY ELEMENTS (KOHA) | |
| Koha item type | Books |
| Withdrawn status | Lost status | Damaged status | Not for loan | Home library | Current library | Shelving location | Date acquired | Total checkouts | Full call number | Barcode | Date last seen | Copy number | Price effective from | Koha item type |
|---|---|---|---|---|---|---|---|---|---|---|---|---|---|---|
| Naharkatiya College Library | Naharkatiya College Library | General stacks | 09/19/2020 | 658 | CHA | 1651 | 09/19/2020 | 1 | 09/19/2020 | Books |